[Event "Wellington Open 2023"]
[Site "Wellington Chess Club"]
[Date "2023.04.09"]
[Round "6.10"]
[White "Zhu, David Junyang"]
[Black "Tanoi, Edward"]
[Result "1/2-1/2"]
[WhiteElo "1740"]
[BlackElo "1993"]

1. d4 d5 2. c4 e6 3. g3 Nf6 4. Nf3 Nbd7 5. Bg2 c6 6. Nc3 Bd6 7. O-O O-O 8. Qc2
Re8 9. Nd2 Nf8 10. e4 dxe4 11. Ndxe4 Be7 12. Rd1 Qa5 13. Nxf6+ Bxf6 14. Ne4 Be7
15. Nc3 Ng6 16. Be3 Qh5 17. d5 exd5 18. cxd5 Bg4 19. dxc6 bxc6 20. Bxc6 Ne5 21.
Bxa8 Rxa8 22. f4 Nf3+ 23. Kh1 Re8 24. Rd5 Qh6 25. Rf1 Bb4 26. a3 Bxc3 27. bxc3
Qc6 28. Qd3 Ne1 29. Rxe1 Bf3+ 30. Kg1 Bxd5 31. Bd2 Rxe1+ 32. Bxe1 {(=)} 32...
Qe6 33. Bd2 h6 34. Qe3 Qg4 35. c4 Bc6 36. Be1 Qh3 37. Qe2 Qf5 38. Bf2 Qb1+ 39.
Be1 Qb3 40. Bb4 Qb1+ 41. Be1 Qa1 42. Qe3 Qa2 43. Bd2 Qxc4 44. Qe5 f6 45. Qb8+
Kh7 46. Qb1+ Kg8 47. Kf2 Qd5 48. Ke3 {(=)} 48... Qc5+ 49. Ke2 Bb5+ 50. Kf3
Qxa3+ 51. Ke4 Qe7+ 52. Kd4 a6 53. Qb3+ Kh8 54. Bb4 Qe2 55. Qc3 Qxh2 56. Qc8+
Kh7 57. Qf5+ Kg8 58. Qe6+ Kh7 59. Qe4+ Kg8 60. Qe6+ Kh7 61. Qe4+ 1/2-1/2

[Event "Wellington Open 2023"]
[Site "Wellington Chess Club"]
[Date "2023.04.09"]
[Round "6.11"]
[White "Wang, Justin Zhide"]
[Black "Sun, Wanyao Sarah"]
[Result "0-1"]
[WhiteElo "1875"]
[BlackElo "1635"]

1. e4 c6 2. d4 d5 3. Nc3 dxe4 4. Nxe4 Nf6 5. Nxf6+ exf6 6. c3 Be6 7. Bd3 Bd6 8.
Ne2 O-O 9. Qc2 h5 10. Be3 Nd7 11. Ng3 h4 12. Nf5 Bxf5 13. Bxf5 Qe7 14. O-O-O g6
15. Bd3 b5 16. Bh6 Qe6 17. Bxf8 Bxf8 18. Kb1 a5 19. Qe2 Qd6 20. Qf3 b4 21. c4
a4 22. Be4 Rc8 23. c5 Qc7 24. g3 a3 25. b3 f5 26. Bd3 Bg7 27. g4 Nxc5 28. dxc5
Qe5 29. Rd2 Qc3 30. Qe3 Qa1+ 31. Kc2 Qxa2+ 32. Kc1 Bb2+ 33. Kc2 Bc3+ 34. Kc1
Qa1+ 35. Bb1 Bb2+ 36. Kc2 Bc3 37. Rdd1 a2 38. Qc1 Bf6 39. Rd3 Re8 40. Bxa2
Qxa2+ 41. Kd1 Qe2# 0-1

[Event "Wellington Open 2023"]
[Site "Wellington Chess Club"]
[Date "2023.04.09"]
[Round "6.12"]
[White "Malcolm, Aidan"]
[Black "Coates, Alex"]
[Result "1/2-1/2"]
[WhiteElo "1838"]
[BlackElo "1718"]

1. e4 e6 2. d4 d5 3. Nd2 h6 4. Bd3 Nf6 5. e5 Nfd7 6. Ne2 c5 7. c3 Nc6 8. h4 Be7
9. Nf3 cxd4 10. cxd4 a6 11. Be3 Bb4+ 12. Kf1 Qb6 {(=)} 13. a3 Be7 14. b4 f6 15.
Bg6+ Kd8 16. Nf4 Nf8 17. Bc2 Bd7 18. g3 f5 19. Kg2 Rg8 20. h5 Nh7 21. Nd2 Ng5
22. Nb3 a5 23. Rb1 axb4 24. axb4 Bxb4 25. Nc5 Qc7 26. Nb3 Ra7 27. Ng6 Be8 28.
Nf4 Bd7 29. Ng6 1/2-1/2

[Event "Wellington Open 2023"]
[Site "Wellington Chess Club"]
[Date "2023.04.09"]
[Round "6.13"]
[White "Campbell, Cazna"]
[Black "Cummings, Nick"]
[Result "1/2-1/2"]
[WhiteElo "1701"]
[BlackElo "2153"]

1. c4 Nf6 2. Nc3 d6 3. g3 c5 4. Bg2 g6 5. e4 Bg7 6. Nge2 Nc6 7. O-O O-O 8. d3
a6 9. h3 Rb8 10. a4 Ne8 11. Be3 Nd4 12. Bxd4 cxd4 13. Nd5 a5 14. b4 e6 15. Ndf4
axb4 16. Qb3 Nc7 17. Qxb4 Na6 18. Qd2 Nc5 19. Rfb1 Bd7 20. a5 Bh6 21. Qc2 Ra8
22. Nc1 Rxa5 23. Rxa5 Qxa5 24. Nb3 Nxb3 25. Qxb3 Bc6 26. Qb2 Ra8 27. Bf1 Bg7
28. Qb3 Qc3 29. Qb2 Qxb2 30. Rxb2 Ra1 31. Kg2 Kf8 32. Be2 Ke7 33. f3 Kd7 34.
Kf2 Bf6 35. Ng2 Bd8 36. Ne1 Ba5 37. Nc2 Bc3 38. Nxa1 Bxb2 39. Nb3 Bc3 40. Bd1
Kc7 41. f4 b5 42. cxb5 Bxb5 43. Bc2 Kc6 44. Kf3 Ba6 45. f5 gxf5 46. exf5 e5 47.
g4 Kd7 48. g5 Ke7 49. h4 Bb5 50. Nc1 Kf8 1/2-1/2

[Event "Wellington Open 2023"]
[Site "Wellington Chess Club"]
[Date "2023.04.09"]
[Round "6.14"]
[White "Nazeer, Afique"]
[Black "Chen, Wei Kai"]
[Result "0-1"]
[WhiteElo "1669"]
[BlackElo "1973"]

1. d4 Nf6 2. c4 g6 3. Nc3 Bg7 4. Nf3 d6 5. e3 O-O 6. Be2 Nbd7 7. O-O e5 8. dxe5
Nxe5 9. Nxe5 dxe5 10. e4 c6 11. Bg5 Qb6 12. Bxf6 Bxf6 13. Qc2 Be6 14. Na4 Qa5
15. Nc3 Rad8 16. Rad1 Rd4 17. b3 Rfd8 18. Bd3 Qc5 19. Ne2 R4d7 20. Kh1 Bg4 21.
f3 Be6 22. Nc1 Bg5 23. Be2 Rd2 24. Rxd2 Rxd2 25. Qc3 Qd4 26. Qxd4 exd4 27. f4
Be7 28. Rd1 Rc2 29. Bd3 Rf2 30. Kg1 Rxf4 31. Ne2 Bg4 32. Re1 Bxe2 33. Rxe2 Kg7
34. h3 h5 35. Rf2 Rxf2 36. Kxf2 Kf6 37. g3 Ke5 38. Kf3 Bg5 39. c5 Bc1 40. a4
Ba3 41. Bc4 Kf6 42. h4 Bxc5 43. Kf4 Bd6+ 44. Kf3 a6 45. g4 b5 46. axb5 axb5 47.
g5+ Ke7 48. Bd3 Ke6 49. Ke2 Bg3 50. Bxb5 cxb5 51. Kd3 Ke5 0-1

[Event "Wellington Open 2023"]
[Site "Wellington Chess Club"]
[Date "2023.04.09"]
[Round "6.15"]
[White "Jackson, Ross"]
[Black "Keith, Matthew"]
[Result "0-1"]
[WhiteElo "1885"]
[BlackElo "1621"]

1. d4 Nf6 2. c4 e6 3. Nf3 Bb4+ 4. Bd2 c5 5. Bxb4 cxb4 6. e3 d6 7. Qa4+ Nc6 8.
Nbd2 Bd7 9. Qc2 O-O 10. Bd3 e5 11. d5 Ne7 12. Ng5 g6 13. h4 Bf5 14. Bxf5 Nxf5
15. Nge4 Ng4 16. Nf3 Ng7 17. O-O-O Rc8 18. Kb1 b5 19. b3 a5 20. Qe2 bxc4 21.
bxc4 f5 22. Ned2 b3 23. axb3 a4 24. Kc2 axb3+ 25. Nxb3 e4 26. Nfd2 Ne5 27. Rb1
Qd7 28. Ra1 Qb5 29. Ra5 Qb4 30. c5 dxc5 31. Qb5 Rfd8 32. Nxc5 Qxb5 33. Rxb5
Rxd5 34. Nb3 Ne6 35. Rd1 Nd3 36. Rb8 Rxb8 37. Nxe6 Nb4+ 38. Kc1 Na2+ 39. Kc2
Rxd1 0-1

[Event "Wellington Open 2023"]
[Site "Wellington Chess Club"]
[Date "2023.04.09"]
[Round "6.16"]
[White "De Guzman, Jessie"]
[Black "Rossiter, Philip E"]
[Result "1-0"]
[WhiteElo "1000"]
[BlackElo "1858"]

1. d4 Nf6 2. c4 e6 3. Nc3 Bb4 4. Bg5 h6 5. Bd2 c5 6. Nf3 Nc6 7. dxc5 Bxc5 8. e3
O-O 9. Be2 d5 10. Na4 Be7 11. Bc3 Ne4 12. O-O Nxc3 13. Nxc3 dxc4 14. Bxc4 a6
15. a4 Qc7 16. Qe2 Bd7 17. Rfc1 Ne5 18. Nxe5 Qxe5 19. Bd3 Bc6 20. f4 Qf6 21.
Ne4 Bxe4 22. Bxe4 Rab8 23. Rab1 b5 24. b3 bxa4 25. bxa4 a5 26. Rb5 Bb4 27. g4
Rbc8 28. Bc2 Rfd8 29. g5 hxg5 30. fxg5 Qc3 31. Bh7+ Kxh7 32. Rxc3 Rxc3 33. Qh5+
Kg8 34. Rb7 g6 35. Qf3 Rf8 36. h4 Bc5 37. Kf1 Rxe3 38. Qf4 Ra3 39. h5 Ra1+ 40.
Ke2 Ra2+ 41. Ke1 Ra1+ 42. Kd2 Rd8+ 43. Kc2 Ra2+ 44. Kb3 Rf2 45. Qc7 Rdd2 1-0

[Event "Wellington Open 2023"]
[Site "Wellington Chess Club"]
[Date "2023.04.09"]
[Round "6.17"]
[White "Hurndell, Robert"]
[Black "Gold, Hamish R"]
[Result "1-0"]
[WhiteElo "1626"]
[BlackElo "1777"]

1. d4 e6 2. Bf4 f5 3. Nf3 c5 4. e3 Nf6 5. h3 Nc6 6. Be2 b6 7. O-O Bb7 8. c3 Be7
9. Nbd2 O-O 10. a3 h6 11. Bc4 g5 12. Bg3 Qe8 13. Re1 Qg6 14. Qc2 h5 15. Kf1 h4
16. Bh2 Qh5 17. Qxf5 Nh7 18. Bxe6+ dxe6 19. Qxe6+ Qf7 20. Qe4 Ba6+ 21. Kg1 Rac8
22. Rac1 Nd8 23. c4 Bf6 24. b3 Re8 25. Qd3 Qg7 26. Be5 Nf7 27. Bxf6 Qxf6 28. d5
Rcd8 29. e4 Qg6 30. Qc3 g4 31. Nxh4 Qg5 32. Nf5 gxh3 33. g3 Bc8 34. Nf3 Qg4 35.
Nh2 Qg6 36. Qc2 Ne5 37. Re3 Ng4 38. Nxg4 1-0

[Event "Wellington Open 2023"]
[Site "Wellington Chess Club"]
[Date "2023.04.09"]
[Round "6.18"]
[White "Moshakova, Elena"]
[Black "Benitez, Edgar"]
[Result "0-1"]
[WhiteElo "1520"]
[BlackElo "1930"]

1. e4 d6 2. d4 Nf6 3. Nc3 g6 4. Nf3 Bg7 5. Be2 O-O 6. O-O c6 7. e5 dxe5 8. Nxe5
Nd5 9. Nxd5 cxd5 10. Bf4 Bf5 11. c3 Qb6 12. Bd3 Be6 13. Qd2 Nd7 14. Rfe1 Rfe8
15. Nxd7 Bxd7 16. Be5 f6 17. Bf4 e5 18. dxe5 fxe5 19. Be3 Qd6 20. Bc4 Bc6 21.
Rad1 Rad8 22. Bxa7 Qc7 23. Bb3 b6 24. c4 dxc4 25. Bxc4+ Kh8 26. Bxb6 Qxb6 27.
Qc2 Qb7 28. f3 Rxd1 29. Rxd1 e4 30. fxe4 Bxe4 31. Qf2 Rf8 32. Qe2 Bc6 33. b3
Qc7 34. Rf1 Rxf1+ 35. Qxf1 Qe7 36. Qe2 Be5 37. Qe3 Bxh2+ 0-1

[Event "Wellington Open 2023"]
[Site "Wellington Chess Club"]
[Date "2023.04.09"]
[Round "6.19"]
[White "Yu, Weiyang (Cadence)"]
[Black "Jones, Christopher"]
[Result "1-0"]
[WhiteElo "1804"]
[BlackElo "1596"]

1. e4 e5 2. Nf3 Nc6 3. Nc3 Nf6 4. d4 exd4 5. Nxd4 d5 6. exd5 Nxd5 7. Nxd5 Qxd5
8. Nxc6 Qxc6 9. Be3 Bd6 10. Qd2 O-O 11. O-O-O Be6 12. Kb1 Rfd8 13. Qc1 a5 14.
Bd4 a4 15. Qg5 Bf8 16. Rd2 Bxa2+ 17. Kxa2 Qe6+ 18. c4 c5 19. Bxg7 Bxg7 20.
Rxd8+ Rxd8 21. Qxd8+ Bf8 22. Qg5+ Bg7 23. Bd3 Qb6 24. Bxh7+ Kxh7 25. Qf5+ Kg8
26. Qc2 Qf6 27. Re1 Qh4 28. Qd3 Qxf2 29. Re8+ Bf8 30. Qg3+ Qxg3 31. hxg3 Kg7
32. Rxf8 Kxf8 33. Ka3 Ke7 34. Kxa4 Kd6 35. Kb5 Kc7 36. Kxc5 f6 37. g4 b6+ 38.
Kb5 Kb7 39. c5 bxc5 40. Kxc5 Kc7 41. b4 1-0

[Event "Wellington Open 2023"]
[Site "Wellington Chess Club"]
[Date "2023.04.09"]
[Round "6.20"]
[White "Rose, Nathan"]
[Black "Sethuramalingam, Karthik"]
[Result "1/2-1/2"]
[WhiteElo "1737"]
[BlackElo "1415"]

1. e4 c6 2. d4 d5 3. Nc3 dxe4 4. Nxe4 Nf6 5. Nxf6+ exf6 6. Be3 Bd6 7. Bd3 O-O
8. Ne2 Qc7 9. h3 Be6 10. c4 b6 11. O-O f5 12. c5 Bh2+ 13. Kh1 f4 14. Kxh2 fxe3+
15. Kg1 exf2+ 16. Rxf2 Rd8 17. Nf4 Bc8 18. Qc2 g6 19. Re1 Ba6 20. Bxa6 Nxa6 21.
Qc4 b5 22. Qc3 Qd7 23. Re4 Nc7 24. Rfe2 Nd5 25. Nxd5 Qxd5 26. Qb3 Qxb3 27. axb3
a5 28. Kf2 Kg7 29. g4 Rd5 30. R2e3 Rad8 31. Re7 Rxd4 32. Rf3 Rf8 33. Rc7 Rd2+
34. Kg3 Rxb2 35. Rxc6 1/2-1/2

[Event "Wellington Open 2023"]
[Site "Wellington Chess Club"]
[Date "2023.04.09"]
[Round "6.21"]
[White "Sun, Taoran Ethan"]
[Black "List, Robert"]
[Result "1/2-1/2"]
[WhiteElo "1219"]
[BlackElo "1677"]

1. e4 b6 2. d4 Bb7 3. Nc3 e6 4. Nf3 Bb4 5. Bd2 Bxc3 6. Bxc3 Bxe4 7. Bd3 Bxd3 8.
Qxd3 Nf6 9. O-O-O Nc6 10. Ne5 Nxe5 11. dxe5 Nd5 12. Bd2 O-O 13. Qa3 c5 14. Qg3
Qe7 15. Bg5 f6 16. exf6 Nxf6 17. h4 Qf7 18. Bxf6 Qxf6 19. Rxd7 Qf4+ 20. Qxf4
Rxf4 21. f3 a6 22. h5 Rf7 23. Rhd1 g5 24. Rd8+ Rf8 25. R8d7 1/2-1/2

[Event "Wellington Open 2023"]
[Site "Wellington Chess Club"]
[Date "2023.04.09"]
[Round "6.23"]
[White "Ashe, Michael"]
[Black "Qu, Lucas"]
[Result "0-1"]
[WhiteElo "1659"]
[BlackElo "1358"]

1. d4 d5 2. c4 e6 3. Nc3 Nf6 4. cxd5 Nxd5 5. e4 Nxc3 6. bxc3 b6 7. Nf3 Bb7 8.
Bd3 Nd7 9. O-O h6 10. Re1 g5 11. h3 f6 12. e5 f5 13. Nd2 h5 14. Nf3 Be7 15. Nh2
g4 16. hxg4 hxg4 17. Bf4 Bg5 18. Qd2 Bxf4 19. Qxf4 Qh4 20. Qg3 O-O-O 21. Qxh4
Rxh4 22. f3 Rdh8 23. Nxg4 fxg4 24. fxg4 Rxg4 25. Bf1 Rg3 26. Rac1 Rhg8 27. Rc2
b5 28. Ree2 Nb6 29. Rf2 Nd5 30. Bxb5 Rxc3 31. Rxc3 Nxc3 32. Bc4 Bd5 33. Bxd5
Nxd5 34. Rf3 Kb7 35. Rb3+ Ka8 36. g3 Rg4 37. Kf2 Rxd4 38. Kf3 Ra4 39. a3 c5 40.
g4 c4 41. Rb1 Rxa3+ 42. Kg2 Nf4+ 43. Kf2 Nd3+ 0-1

[Event "Wellington Open 2023"]
[Site "Wellington Chess Club"]
[Date "2023.04.09"]
[Round "6.24"]
[White "Sova, Leo"]
[Black "Howe, Alexander"]
[Result "1/2-1/2"]
[WhiteElo "1253"]
[BlackElo "1556"]

1. e4 e6 2. d4 d5 3. exd5 exd5 4. c4 c6 5. Nc3 Nf6 6. Bg5 Bd6 7. cxd5 cxd5 8.
Nxd5 Qa5+ 9. Qd2 Qxd2+ 10. Kxd2 Ne4+ 11. Ke1 Nxg5 12. Rc1 Nc6 13. Bb5 Bd7 14.
Ne2 O-O {At this point White played 15.O-O, which is of course illegal (White
has moved their king already). For the record, let's fake castling here so we
can enter the rest of the game. Moves 15.Kd2 through 21.Rf1 were not played on
the board, but together constitute one move that was played on the board
15.O-O} 15. Kd2 Kh8 16. Rhd1 Kg8 17. Ke1 Kh8 18. Kf1 Kg8 19. Kg1 Kh8 20. Re1
Kg8 21. Rf1 {Now the game resumes, 21...Ne6 was actually 15...Ne6, the move
after 15.O-O, so subtract 6 from each subsequent move number if you'd like to
know the real move number} 21... Ne6 22. Rfd1 Nc7 23. Nxc7 Bxc7 24. d5 Rac8 25.
dxc6 Bxc6 26. Bxc6 bxc6 27. g3 Bb6 28. Kf1 Rfe8 29. Nd4 Red8 30. Nf5 Rxd1+ 31.
Rxd1 Kf8 32. Ne3 Rd8 33. Rxd8+ Bxd8 34. Nc4 Bf6 35. Ke2 Ke7 36. Ke3 Ke6 37. Ke4
g6 38. f4 Bg7 {(=)} 1/2-1/2

[Event "Wellington Open 2023"]
[Site "Wellington Chess Club"]
[Date "2023.04.09"]
[Round "6.25"]
[White "Hooper, John"]
[Black "McConnell, Jack"]
[Result "1-0"]
[WhiteElo "1244"]
[BlackElo "1512"]

1. e4 c5 2. Nf3 Nc6 3. d4 cxd4 4. Nxd4 e6 5. Be3 Nf6 6. Nc3 Bb4 7. Nxc6 bxc6 8.
Bd3 d5 9. Bd2 O-O 10. exd5 cxd5 11. O-O a5 12. a3 Be7 13. Re1 a4 14. Bf4 Bd7
15. Be5 Qb6 16. Rb1 Rfc8 17. Qe2 Ra7 18. h3 Rb7 19. Ba6 Rbc7 20. Bxc8 Rxc8 21.
b3 Bxa3 22. Nxa4 Qa5 23. Ra1 Bb4 24. c3 Be7 25. b4 Bb5 26. bxa5 Bxe2 27. Rxe2
1-0

[Event "Rapid Champs"]
[Site "Wellington Chess Club"]
[Date "2023.04.13"]
[Round "1"]
[White "McConnell, Jack"]
[Black "Forster, Bill"]
[Result "1-0"]
[WhiteElo "1267"]
[BlackElo "1849"]

1. d4 c5 2. d5 e5 3. c4 f5 4. e4 {I was out of book already but felt like this
was a good way to get a more familiar position.} 4... d6 5. Nc3 Nf6 6. Bd3 f4
7. Nh3 Be7 8. f3 $6 {I liked the look of opening the g-file but without the
black king castled to the kingside and my own king some time from castling long
Bxh3 was actually a serious threat I probably shouldn't have allowed,
especially given black often spends extra tempi to trade the knight when it is
on f3 (Bg4-xf3) in other Benoni structures.} 8... O-O 9. Qe2 Nh5 10. Bd2 Bh4+
11. Nf2 Na6 12. O-O-O Bd7 13. Rdg1 $5 Nc7 14. Nfd1 a6 15. g3 $1 Bg5 $4 16. h4
Bh6 17. g4 Ng3 18. Rxg3 fxg3 19. g5 b5 20. gxh6 Qf6 21. hxg7 Kxg7 22. Qe3 $6 {I
might have avoided some trouble with the passed pawn by playing the simpler
Rg1.} 22... Qxf3 23. Qh6+ Kh8 24. Rf1 Qxf1 (24... g2 $5 25. Rxf3 Rxf3 26. Ne2)
25. Bxf1 Rxf1 26. Ne2 $6 (26. Qxd6 $1 g2 27. Qxe5+ Kg8 28. Qg3+) 26... Bg4 27.
Nxg3 Rxd1+ 28. Kc2 Rg8 29. Qf6+ Rg7 30. Qd8+ $2 {Missing Bh6 with forced mate.}
30... Rg8 31. Qxc7 Bf3 32. Qxd6 Rxd2+ 33. Kxd2 Rxg3 34. Qxe5+ (34. Qf8+ Rg8 35.
Qxf3) 34... Rg7 35. h5 h6 36. d6 Kg8 37. Qxg7+ Kxg7 38. d7 1-0

[Event "Rapid Champs"]
[Site "Wellington Chess Club"]
[Date "2023.04.26"]
[Round "5"]
[White "Langford, Josh"]
[Black "Forster, Bill"]
[Result "0-1"]
[WhiteElo "1843"]
[BlackElo "1849"]

1. e4 e5 2. Nf3 Nc6 3. Bc4 Bc5 4. c3 Nf6 5. d3 d6 6. O-O Bg4 7. Nbd2 O-O 8. Re1
Ne7 9. Nf1 Ng6 10. h3 Be6 11. Bxe6 fxe6 12. b4 Bb6 13. a4 a6 14. a5 Ba7 15. Be3
Bxe3 16. Rxe3 Nf4 17. Kh2 Qe8 18. g3 Qh5 $5 {These days I can't resist
temptations, I didn't imagine this idea was good. But it creates complications,
initiative, fun.} 19. gxf4 Ng4+ 20. Kg2 Nxe3+ 21. fxe3 exf4 22. Nd4 {Comp
actually say 0.00} 22... Qe5 23. Qg4 Rae8 24. Rb1 Rf6 25. Kf3 $2 {This looked
dubious to me at the time} 25... fxe3+ (25... Ref8 $1 {is much stronger
actually} ) 26. Kxe3 Ref8 27. Nd2 Rg6 28. N2f3 {I didn't see this resourceful
idea}  ( {Doing it the other way around} 28. N4f3 {is better apparently,
although it drops the c pawn so looks worse} ) 28... Rxg4 29. Nxe5 Rg3+ 30.
Nef3 c5 $1 {The key move. Josh and I both saw that the more natural }  (30...
e5 {allows} 31. Nf5 {Having the initiative meant I didn't have to see this from
as far back, easing the task of finding ...c5 instead} ) 31. Kf2 Rxh3 32. Kg2
cxd4 33. Kxh3 Rxf3+ 34. Kg2 Rxd3 35. cxd4 Rxd4 {Three pawns should be enough
even for me} 36. Kf3 e5 37. Rc1 Rxb4 38. Rc7 b5 39. Rc6 Ra4 40. Rxa6 b4 41.
Ra8+ Kf7 42. a6 b3 43. Rb8 Rxa6 44. Rxb3 Kg6 45. Rb7 Ra3+ 46. Kg2 h5 47. Rb6
Kg5 48. Rxd6 Kf4 49. Rg6 h4 50. Rxg7 Rg3+ 0-1

[Event "Rapid Champs"]
[Site "Wellington Chess Club"]
[Date "2023.04.27"]
[Round "5"]
[White "Timergazi, Layla"]
[Black "Ker, Anthony"]
[Result "0-1"]
[WhiteElo "2106"]
[BlackElo "2359"]
[PlyCount "46"]
[SourceVersionDate "2023.04.30"]

1. Nc3 d5 2. d4 c5 3. e4 dxe4 4. Bb5+ Bd7 5. dxc5 Nf6 6. Bf4 Nc6 7. a3 e5 8.
Bxc6 Bxc6 9. Bxe5 Bxc5 10. Nh3 e3 11. f3 Qe7 12. Bxf6 Qxf6 13. Qe2 O-O-O 14.
O-O Rd2 15. Qc4 e2+ 16. Qxc5 exf1=Q+ 17. Kxf1 b6 18. Qc4 Rxg2 19. Nf4 Rxc2 20.
Rd1 Kb7 21. Qd3 Rxh2 22. Ncd5 Qxb2 23. Ne2 Bb5 0-1

[Event "Rapid Champs"]
[Site "Wellington Chess Club"]
[Date "2023.04.27"]
[Round "5"]
[White "van der Hoorn, Thomas"]
[Black "Farrington, Lawrence"]
[Result "1-0"]
[WhiteElo "1888"]
[BlackElo "1546"]
[Annotator ",Microsoft"]
[PlyCount "111"]
[SourceVersionDate "2023.04.30"]

1. d4 d5 2. c4 Nc6 3. Nf3 Bg4 4. e3 e6 5. Nc3 Bb4 6. Qc2 Bxc3+ 7. Qxc3 Nf6 8.
h3 Ne4 9. Qc2 Bf5 10. Bd3 h6 11. Nd2 Nd6 12. cxd5 Bxd3 13. Qxd3 exd5 14. O-O
O-O 15. b3 Qe7 16. Ba3 Qd7 17. Rac1 Rfe8 18. Bxd6 Qxd6 19. Qb5 Rab8 20. Qc5
Red8 21. Qxd6 Rxd6 22. a3 Rc8 23. Rc3 Ne7 24. Rfc1 c6 25. b4 a6 26. a4 Kf8 27.
b5 axb5 28. axb5 Ra8 29. bxc6 bxc6 30. Nf3 f6 31. R3c2 Ra7 32. g4 Ke8 33. Kg2
Kd7 34. h4 Ra6 35. g5 Ke6 36. gxf6 gxf6 37. Kg3 Rd8 38. Rg1 Rg8+ 39. Kh3 Rxg1
40. Nxg1 Ra8 41. Ne2 Kd6 42. Nf4 Ra1 43. Kg4 Rg1+ 44. Kh5 Nf5 45. Ra2 Rg7 46.
Ra8 Ne7 47. Kxh6 Nf5+ 48. Kh5 Rh7+ 49. Kg6 Rxh4 50. Kxf5 Rh2 51. Nd3 Rh6 52.
Rg8 Ke7 53. Rg7+ Kf8 54. Rg6 Rxg6 55. Kxg6 Ke7 56. Kf5 1-0

[Event "Rapid Champs"]
[Site "Wellington Chess Club"]
[Date "2023.04.27"]
[Round "5"]
[White "Qu, Lucas"]
[Black "Moses, Christopher"]
[Result "0-1"]
[WhiteElo "1200"]
[BlackElo "1300"]
[PlyCount "34"]
[EventDate "2023.??.??"]
[SourceVersionDate "2023.04.30"]
[TimeControl "25+5"]

1. e4 c6 2. d4 d5 3. exd5 cxd5 4. Bd3 Nc6 5. c3 Nf6 6. h3 e6 7. Bf4 Be7 8. Nd2
Qb6 9. Qc2 Bd7 10. Ngf3 Rc8 11. O-O Nb4 12. Qb1 Nxd3 13. Qxd3 Bb5 14. c4 dxc4
15. Qc3 Nd5 16. Qc1 Nxf4 17. Ne4 Ne2+ {Game may have continued...}  (17... Ne2+
18. Kh2 Nxc1 19. Rfxc1 O-O 20. Rc2 Qd8 21. Rac1 Bc6) 0-1

[Event "Rapid Champs"]
[Site "Wellington Chess Club"]
[Date "2023.04.27"]
[Round "6"]
[White "Ker, Anthony"]
[Black "Archer, Ollie"]
[Result "1-0"]
[WhiteElo "2359"]
[BlackElo "1806"]
[PlyCount "51"]
[SourceVersionDate "2023.04.30"]

1. e4 c6 2. Nf3 d5 3. exd5 cxd5 4. Ne5 Nc6 5. Bb5 Bd7 6. Nxd7 Qxd7 7. d4 e6 8.
c3 Bd6 9. Bg5 f6 10. Bh4 Nge7 11. Bg3 O-O 12. O-O a6 13. Bd3 e5 14. dxe5 fxe5
15. Nd2 Nf5 16. Qb3 Bc5 17. Rae1 Nxg3 18. hxg3 Na5 19. Qc2 e4 20. Nxe4 dxe4 21.
Bxe4 Nc6 22. Bxh7+ Kh8 23. Re4 Rae8 24. Rh4 Rxf2 25. Rxf2 Qd1+ 26. Kh2 1-0

[Event "Rapid Champs"]
[Site "Wellington Chess Club"]
[Date "2023.04.27"]
[Round "6"]
[White "Moses, Christopher"]
[Black "Marney, John"]
[Result "1-0"]
[WhiteElo "1300"]
[BlackElo "1400"]
[PlyCount "71"]
[EventDate "2023.??.??"]
[SourceVersionDate "2023.04.30"]
[TimeControl "25+5"]

1. e4 e5 2. Nc3 Nf6 3. f4 d5 4. fxe5 Nxe4 5. Qf3 Nxc3 6. bxc3 d4 7. Bc4 Be6 8.
Bxe6 fxe6 9. Qxb7 Nd7 10. cxd4 Be7 11. Nf3 O-O 12. O-O a5 13. Qc6 Nb6 14. Qxe6+
Kh8 15. a4 Re8 16. Qg4 Rf8 17. Ba3 Bxa3 18. Rxa3 Nc4 19. Rb3 Qd5 20. Rc3 Rad8
21. e6 Rfe8 22. Rxc4 Qxc4 23. Ne5 Qxd4+ 24. Qxd4 Rxd4 25. Nd7 Re4 26. Nc5 Re5
27. d4 Re2 28. Rf7 h6 29. d5 Rxc2 30. Rxc7 Rb8 31. Rb7 Rxb7 32. Nxb7 Re2 33.
Nxa5 Re5 34. Nc6 Rxd5 35. e7 Rd1+ 36. Kf2 {Game may have continued}  (36. Kf2
Rd2+ 37. Ke3 Rd1 38. e8=Q+ Kh7 39. Ne7 Re1+ 40. Kf4 Rxe7 41. Qxe7 {+63.3} ) 1-0

[Event "Rapid Champs"]
[Site "Wellington Chess Club"]
[Date "2023.04.30"]
[Round "6"]
[White "Thirkell, Zachary"]
[Black "van der Hoorn, Thomas"]
[Result "0-1"]
[WhiteElo "1306"]
[BlackElo "1888"]
[PlyCount "44"]
[SourceVersionDate "2023.04.30"]

1. c4 Nf6 2. Nf3 g6 3. Nc3 Bg7 4. g3 O-O 5. Bg2 d6 6. O-O e5 7. d3 Nc6 8. Bg5
Be6 9. Ne4 d5 10. Nxf6+ Bxf6 11. Bxf6 Qxf6 12. b3 Rad8 13. Qc2 Rfe8 14. Qb2 h6
15. Rad1 Qg7 16. Nd2 f5 17. e4 fxe4 18. cxd5 Bxd5 19. dxe4 Be6 20. Rfe1 Nd4 21.
f4 exf4 22. gxf4 Nf3+ 0-1

[Event "Rapid Champs"]
[Site "Wellington Chess Club"]
[Date "2023.05.11"]
[Round "9"]
[White "Croad, Nicolas"]
[Black "Ker, Anthony"]
[Result "1/2-1/2"]
[WhiteElo "2309"]
[BlackElo "2359"]
[Annotator ""]
[PlyCount "91"]

1. e4 c5 2. Nf3 g6 3. d4 cxd4 4. Qxd4 Nf6 5. Nc3 Nc6 6. Qa4 d6 7. e5 Ng4 8. Bf4
Bg7 9. exd6 O-O 10. Bb5 e5 11. Bg5 Qxd6 12. h3 Nf6 13. Rd1 Nd4 14. Nxd4 exd4
15. Qxd4 Qxd4 16. Rxd4 Be6 17. Rd1 a6 18. Bd3 Nd5 19. Nxd5 Bxd5 20. O-O Bxb2
21. Bxg6 Bxa2 22. Be4 f6 23. Bh6 Rf7 24. Rb1 Bc3 25. Rb6 Re8 26. Bxb7 Rb8 27.
Bd5 Rxb6 28. Bxa2 f5 29. Be3 Rb2 30. Bb3 Kg7 31. Bxf7 Kxf7 32. Ra1 a5 33. g4
Rxc2 34. Ra4 Bb4 35. Bb6 Bc5 36. Bxc5 Rxc5 37. Kg2 Kg6 38. Kg3 h5 39. Kh4 fxg4
40. hxg4 Rb5 41. f4 Rb4 42. Rxa5 Rxf4 43. Rg5+ Kf6 44. Rf5+ Rxf5 45. gxf5 Kxf5
46. Kxh5 1/2-1/2

[Event "Rapid Champs"]
[Site "Wellington Chess Club"]
[Date "2023.05.11"]
[Round "9"]
[White "van der Hoorn, Thomas"]
[Black "McConnell, Jack"]
[Result "1-0"]
[WhiteElo "1888"]
[BlackElo "1267"]
[Annotator ""]
[PlyCount "81"]

1. d4 Nf6 2. c4 c5 3. d5 e6 4. Nc3 exd5 5. cxd5 d6 6. e4 g6 7. Nf3 Bg7 8. Bd3
O-O 9. O-O Re8 10. h3 a6 11. a4 b6 12. Bf4 Qc7 13. Nd2 Nfd7 14. Bh2 Ne5 15. Bc2
c4 16. Qe2 Nbd7 17. f4 Nd3 18. Bxd3 cxd3 19. Qxd3 Nc5 20. Qf3 f5 21. e5 dxe5
22. d6 Qxd6 23. Qxa8 Qxd2 24. Qd5+ Qxd5 25. Nxd5 e4 26. Nxb6 Nb3 27. Rad1 Bd4+
28. Rxd4 Nxd4 29. Rd1 Nc2 30. Rc1 e3 31. Rxc2 e2 32. Bg3 Bb7 33. Be1 Re6 34. a5
Bc6 35. Kf2 Bb5 36. Nd5 Re4 37. g3 Rd4 38. Nc3 Bc4 39. Nxe2 Bxe2 40. Rxe2 Ra4
41. Re6 1-0